India, Pakistan, Ceylon / (Record no. 27789)
[ view plain ]
| 000 -LEADER | |
|---|---|
| fixed length control field | 00834cam a22002532a 4500 |
| 001 - CONTROL NUMBER | |
| control field | 27789 |
| 003 - CONTROL NUMBER IDENTIFIER | |
| rucl marc code | BD-RjUL |
| 005 - DATE AND TIME OF LATEST TRANSACTION | |
| control field | 20211209051213.0 |
| 008 - FIXED-LENGTH DATA ELEMENTS--GENERAL INFORMATION | |
| fixed length control field | 140327s1960 xx 001 0 eng d |
| 035 ## - SYSTEM CONTROL NUMBER | |
| System control number | (BD-RjUL)27868 |
| 040 ## - CATALOGING SOURCE | |
| Original cataloging agency | AKR |
| Transcribing agency | AKR |
| Modifying agency | BD-RjUL |
| Language of cataloging | eng |
| 041 ## - LANGUAGE CODE | |
| Language code of text/sound track or separate title | eng |
| 082 00 - DEWEY DECIMAL CLASSIFICATION NUMBER | |
| Classification number | 915.4 |
| Author mark and year | IND 1960 |
| 245 00 - TITLE STATEMENT | |
| Title | India, Pakistan, Ceylon / |
| Statement of responsibility, etc. | Edited by W. Norman Brown |
| 250 ## - EDITION STATEMENT | |
| Edition statement | Rev. ed. |
| 260 ## - PUBLICATION, DISTRIBUTION, ETC. (IMPRINT) | |
| Place of publication, distribution, etc. | Philadelphia : |
| Name of publisher, distributor, etc. | University of Pennsylvania Press, |
| Date of publication, distribution, etc. | c1960. |
| 300 ## - PHYSICAL DESCRIPTION | |
| Pagination | 203 p. : |
| Illustrations | ill. ; |
| Size | 31 cm. |
| 500 ## - GENERAL NOTE | |
| General note | "The separate chapters were written as a series of articles for the Encyclopedia Americana." |
| 504 ## - BIBLIOGRAPHY, ETC. NOTE | |
| Bibliography, etc | Bibliography: p. [193]-197 |
| Bibliography, etc | Includes index. |
| 651 #0 - SUBJECT ADDED ENTRY--GEOGRAPHIC NAME | |
| Geographic name | South Asia |
| General subdivision | Civilization. |
| 9 (RLIN) | 71075 |
| 700 1# - ADDED ENTRY--PERSONAL NAME | |
| Personal name | Brown, W. Norman, |
| Dates associated with a name | 1892-1975. |
| Fuller form of name | (William Norman) |
| 942 ## - ADDED ENTRY ELEMENTS (KOHA) | |
| Source of classification or shelving scheme | Dewey Decimal Classification |
| Koha item type | Books |
| Lost status | Source of classification or shelving scheme | Damaged status | Not for loan | Collection code | Permanent Location | Current Location | Shelving location | Date acquired | Source of acquisition | Cost, normal purchase price | Total Checkouts | Full call number | Date last seen | Copy number | Koha item type |
|---|---|---|---|---|---|---|---|---|---|---|---|---|---|---|---|
| Dewey Decimal Classification | Added to bundle | Non-fiction | Central Library, University of Rajshahi | Central Library, University of Rajshahi | Reading Room | 31/08/1968 | Zeitlinger | 80.60 | 915.4 IND 1960 | 27/03/2014 | C-1 | Books |